000 00514nam a2200229Ia 4500
005 20250425162739.0
008 250425s9999 xx 000 0 und d
020 _a0689117957
041 _aeng
082 _a338.209
100 _aWHEATCROFT, GEOFFREY
245 0 _aTHE RANDLORDS
250 _a1ST ED.
260 _aEstados Unidos
_bATHENEUM
_c1986
260 _aNEW YORK
300 _a314
650 _aFINANZAS
650 _aMINAS DE ORO
710 _aATHENEUM
942 _c01
010 _a104582
999 _c235596
_d235596